000 00548nam a2200169 i 4500
001 140895
003 ES-MaACL
005 20230906200156.0
007 t|
008 070918s1980 ch ||||1| eng d
100 1 _aYin, Ching-Yao.
_9117637
245 1 4 _aThe delicate trend of communist China's relations with the Soviet Union /
_cby Ching-yao Yin.
260 _a[Taipei] :
_bAsian Peoples' Anti-Communist League,
_c1980.
300 _a28 p. ;
_c18 cm.
651 4 _aChina-
_xRelaciones-
_yURSS.
_98061
852 _aES-MaACL
_j2111-F-14
_bR.100850
999 _c140895
_d140895